Państwa z największym wykorzystaniem kolei - Statystyki

Ogólne statystyki
  • Ten quiz został rozwiązany 51 razy
  • Średni wynik to 17 z 20
Statystyki odpowiedzi
Pozycja Państwo Pasażerokilometry
(miliardy)
% Poprawnych
5 Francja 112.6
98%
12 Hiszpania 27.3
98%
3 Japonia 446.7
98%
6 Niemcy 100
98%
4 Rosja 133.6
98%
1 Chiny 1,550
96%
2 Indie 1,157
96%
14 Polska 22.1
96%
10 Stany Zjednoczone 32.5
96%
8 Wielka Brytania 80.5
96%
9 Włochy 56.6
94%
7 Korea Południowa 93.9
90%
11 Ukraina 28.4
83%
20 Australia 17.6
77%
13 Holandia 22.6
75%
16 Pakistan 20.3
71%
15 Szwajcaria 21.7
71%
18 Indonezja 18.5
60%
19 Kazachstan 18.5
56%
17 Tajwan 19.8
38%
Nie znaleziono quizów pasujących do podanych kryteriów
Rozkład punktacji
Procent ludzi z każdym wynikiem
Percentyl według liczby udzielonych odpowiedzi
Twoja historia wyników
Nie rozwiązałeś tego quizu